Southville International School and Colleges
Your cart is empty.
  • Cart
  • Lists
    Public lists Eva Luna New books Lux_list list_1
    Your lists Log in to create your own lists
  • Log in to your account
  • Your cookies
  • Search history
Southville International School and Colleges
  • Advanced search
  • Recent comments
  • Most popular
  • Libraries

Log in to your account

Log in with GOOGLE


If you do not have an external account, but do have a local account, you can still log in:

  1. Home
  2. MARC view: The Book thief/
Normal view MARC view ISBD view

The Book thief/ (Record no. 358527)

[ view plain ]
MARC details
000 -LEADER
fixed length control field 00442nam a2200169Ia 4500
003 - CONTROL NUMBER IDENTIFIER
control field SISC
005 - DATE AND TIME OF LATEST TRANSACTION
control field 20180912134326.0
008 - FIXED-LENGTH DATA ELEMENTS--GENERAL INFORMATION
fixed length control field 180905s9999 xx 000 0 und d
020 ## - INTERNATIONAL STANDARD BOOK NUMBER
International Standard Book Number 9780375842207
050 ## - LIBRARY OF CONGRESS CALL NUMBER
Classification number PZ 7 .Z837Boo 2006
100 ## - MAIN ENTRY--PERSONAL NAME
Personal name Zusak, Markus
245 ## - TITLE STATEMENT
Statement of responsibility, etc Markus Zusak
Title The Book thief/
260 ## - PUBLICATION, DISTRIBUTION, ETC. (IMPRINT)
Place of publication, distribution, etc NY :
Name of publisher, distributor, etc Alfred A. Knopf,
Date of publication, distribution, etc 2006
300 ## - PHYSICAL DESCRIPTION
Extent 552 pages :
Other physical details illustrated ;
Dimensions 20 cm.
650 ## - SUBJECT ADDED ENTRY--TOPICAL TERM
Topical term or geographic name as entry element Fiction
942 ## - ADDED ENTRY ELEMENTS (KOHA)
Source of classification or shelving scheme Library of Congress Classification
Koha item type Books
Holdings
Withdrawn status Lost status Damaged status Home library Current library Shelving location Date acquired Source of acquisition Total Checkouts Total Renewals Full call number Barcode Checked out Date last seen Date checked out Price effective from Koha item type
      Luxembourg Library Luxembourg Library Fiction Section 09/05/2018   2 2 PZ 7 .Z837Boo 2006 20554 05/16/2020 03/03/2020 03/03/2020 09/05/2018 Books

The Book thief/

APA

Zusak M., . (2006). The Book thief. NY: Alfred A. Knopf.

Chicago

Zusak Markus, . 2006. The Book thief. NY: Alfred A. Knopf.

Harvard

Zusak M., . (2006). The Book thief. NY: Alfred A. Knopf.

MLA

Zusak Markus, . The Book thief. NY: Alfred A. Knopf. 2006.

  • Place hold
  • Print
  • Cite
  • Add to your cart (remove)
  • Save record
    BIBTEX Dublin Core MARCXML MARC (non-Unicode/MARC-8) MARC (Unicode/UTF-8) MARC (Unicode/UTF-8, Standard) MODS (XML) RIS
  • More searches
    Search for this title in:
    Other Libraries (WorldCat) Other Databases (Google Scholar) Online Stores (Bookfinder.com) Open Library (openlibrary.org)

Exporting to Dublin Core...

SOUTHVILLE LIBRARY

Southville International School and Colleges Library

1281 Tropical Ave. Cor. Luxembourg St., BF Homes International, Las Pinas City

Tel. No. 8256374 / 252358 Loc. 117/146

Powered by Koha